| 000 | 00678nam a22001937a 4500 | ||
|---|---|---|---|
| 999 |
_c103996 _d103996 |
||
| 005 | 20220927110459.0 | ||
| 010 | _aUR-9490 | ||
| 020 |
_a9789350738689 _c200.00 |
||
| 035 | _aU-8045 | ||
| 037 | _bDBAD/PUB | ||
| 082 | _a840.08 | ||
| 100 | _aراوف خیر | ||
| 245 |
_aعزیز احمد قلمکار خوش قد / _cراوف خیر |
||
| 246 |
_aAziz Ahmed Qalamkar-e-Khushqad / _bBy Raoof Khair |
||
| 260 |
_aدہلی _bایجو کیشنل پبلیشںگ ہاؤس _c2016 ء |
||
| 270 |
_a٣١٩١،وکیل سٹریٹ،کچہ پنڈت ، لال کان _bدھلی _e110006 _k23216162 |
||
| 300 |
_a184 ص _c22cm(Hb) |
||
| 942 |
_2ddc _cUR _h840.08 _mر و ف |
||